Compaction and fluid migration : (Record no. 13584)
[ view plain ]
| 000 -LEADER | |
|---|---|
| fixed length control field | 00917cam a2200289 i 4500 |
| 001 - CONTROL NUMBER | |
| control field | 1318773 |
| 005 - DATE AND TIME OF LATEST TRANSACTION | |
| control field | 20170719163350.0 |
| 006 - FIXED-LENGTH DATA ELEMENTS--ADDITIONAL MATERIAL CHARACTERISTICS--GENERAL INFORMATION | |
| fixed length control field | 000 |
| 007 - PHYSICAL DESCRIPTION FIXED FIELD--GENERAL INFORMATION | |
| fixed length control field | 000 |
| 008 - FIXED-LENGTH DATA ELEMENTS--GENERAL INFORMATION | |
| fixed length control field | 000 |
| 010 ## - LIBRARY OF CONGRESS CONTROL NUMBER | |
| LC control number | 78002004 |
| 020 ## - INTERNATIONAL STANDARD BOOK NUMBER | |
| International Standard Book Number | 0444416544 |
| 040 ## - CATALOGING SOURCE | |
| Original cataloging agency | UOEL |
| Transcribing agency | DLC |
| Modifying agency | DLC |
| 050 00 - LIBRARY OF CONGRESS CALL NUMBER | |
| Classification number | TN871 |
| Item number | .M328 |
| 082 00 - DEWEY DECIMAL CLASSIFICATION NUMBER | |
| Classification number | 553/.28 |
| 100 1# - MAIN ENTRY--PERSONAL NAME | |
| Personal name | Magara, Kinji. |
| 245 10 - TITLE STATEMENT | |
| Title | Compaction and fluid migration : |
| Remainder of title | practical petroleum geology / |
| Statement of responsibility, etc | Kinji Magara. |
| 260 ## - PUBLICATION, DISTRIBUTION, ETC. (IMPRINT) | |
| Place of publication, distribution, etc | Amsterdam ; |
| -- | New York : |
| Name of publisher, distributor, etc | Elsevier Scientific Pub. Co. ; |
| -- | distributors for the U.S. and Can., Elsevier North-Holland, |
| Date of publication, distribution, etc | c1978. |
| 300 ## - PHYSICAL DESCRIPTION | |
| Extent | xii, 319 p. : |
| Other physical details | ill., graphs (10 fold. in pocket) ; |
| Dimensions | 25 cm. |
| 440 #0 - SERIES STATEMENT/ADDED ENTRY--TITLE | |
| Title | Developments in petroleum science ; |
| Volume number/sequential designation | 9 |
| 500 ## - GENERAL NOTE | |
| General note | includes index |
| 504 ## - BIBLIOGRAPHY, ETC. NOTE | |
| Bibliography, etc | Includes bibliographies. |
| 650 #0 - SUBJECT ADDED ENTRY--TOPICAL TERM | |
| Topical term or geographic name as entry element | Fluids |
| General subdivision | Migration. |
| Topical term or geographic name as entry element | Sediment compaction. |
| 906 ## - LOCAL DATA ELEMENT F, LDF (RLIN) | |
| a | 7 |
| b | cbc |
| c | orignew |
| d | 1 |
| e | ocip |
| f | 19 |
| g | y-gencatlg |
| 942 ## - ADDED ENTRY ELEMENTS (KOHA) | |
| Source of classification or shelving scheme | Library of Congress Classification |
| Item type | SES Book |
| Withdrawn status | Lost status | Source of classification or shelving scheme | Damaged status | Not for loan | Home library | Current library | Shelving location | Date acquired | Total Checkouts | Full call number | Barcode | Date last seen | Copy number | Price effective from | Koha item type |
|---|---|---|---|---|---|---|---|---|---|---|---|---|---|---|---|
| Library of Congress Classification | UOE Main Library | UOE Main Library | Open shelf | 19/07/2017 | TN871 .M328 | 10007107 | 19/07/2017 | 10007107 | 19/07/2017 | SES Book | |||||
| Library of Congress Classification | UOE Main Library | UOE Main Library | Open shelf | 19/07/2017 | TN871 .M328 | 10007108 | 19/07/2017 | 10007108 | 19/07/2017 | SES Book |
